| 000 | 00841nas a2200253 4500 | ||
|---|---|---|---|
| 001 | BR0800733 | ||
| 003 | BR-BrBNA | ||
| 005 | 20231205111540.0 | ||
| 007 | ta | ||
| 008 | 230509b bl.|||p| |||| 00| 00por d | ||
| 040 |
_aBR-BrBNA _bpor _cBiblioteca Nacional de Agricultura |
||
| 041 | _a(Pt) | ||
| 072 | _aQ02 | ||
| 100 | 1 | _aPereira, I.M. | |
| 100 | 1 | _aMoretti, R.H. | |
| 245 | 1 | _aEfeito do Ph na precipitação do complexo glicerol-zircônico em vinhaça mista de álcool carburante pré-concentrada | |
| 650 | _aTECNOLOGIA DE ALIMENTO | ||
| 650 | _aVINHAÇA | ||
| 650 | _aPH | ||
| 650 | _aGLICERINA | ||
| 773 | 0 |
_tBoletim da Sociedade Brasileira de Ciência e Tecnologia de Alimentos (Brazil) _xISSN 0101-3637 _g(Jul-Dec 1993), v. 27(2) p. 111-117 _wBR0800733 |
|
| 909 |
_a202311 _bLúcia _c55 _dLúcia Elande |
||
| 942 |
_2AGRIS _n0 _cANA |
||
| 999 |
_c193272 _d193272 |
||